Jonny Quest voice actors Quiz Stats

Quiz not verified by Sporcle

Challenge
Share
Tweet
Embed
Score 0/7 Timer 01:30
0 Plays Today
Character Answer % Correct
Jonny QuestTim Matheson
90%
Dr. QuestDon Messick
75%
Race BannonMike Road
75%
HadjiDanny Bravo
70%
Dr. QuestJohn Stephenson
65%
Dr. ZinVic Perrin
45%
JadeCathy Lewis
35%

You're not logged in!

Compare scores with friends on all Sporcle quizzes.
Join for Free
OR
Log In

You Might Also Like...

Show Comments

Extras

Top Quizzes Today


Score Distribution

Your Account Isn't Verified!

In order to create a playlist on Sporcle, you need to verify the email address you used during registration. Go to your Sporcle Settings to finish the process.

Report this User

Report this user for behavior that violates our Community Guidelines.

Details: